• 首页
  • 本馆介绍
  • 公告通知
  • 最新文献
  • 馆藏检索
  • 电子资源
  • 读者导购
  • 参考咨询
  • 我的图书馆
  • 登录
  • 详细信息显示
  • 放入我的书架
  • 预约/预借图书
  • 作者相关作品
  • 分类相关作品
  • 丛书相关作品
  • 出版社相关作品

书目信息

  • 表格格式
  • 工作单格式
  • 卡片格式
题名:
特殊儿童定向行走训练
    
 
作者: 沈剑辉 , 钱志亮 主编
分册:  
出版信息: 南京   南京师范大学出版社  2014.08
页数: 226页
开本: 24cm
丛书名: 特殊儿童教育与康复文库
单 册:
中图分类: G761.2
科图分类:
主题词: 视觉障碍--儿童教育--特殊教育
电子资源:
ISBN: 978-7-5651-1814-2
000 01034oam2 2200277 450
001 0108153917
005 20210308154404.0
010    @a978-7-5651-1814-2@b精装@dCNY45.00
100    @a20160128d2014 em y0chiy50 ea
101 0  @achi
102    @aCN@b320000
105    @aa z 000yy
106    @ar
200 1  @a特殊儿童定向行走训练@Ate shu er tong ding xiang xing zou xun lian@f沈剑辉, 钱志亮主编
210    @a南京@c南京师范大学出版社@d2014.08
215    @a226页@c图@d24cm
225 2  @a特殊儿童教育与康复文库@h19@f丁勇总主编
300    @a国家出版基金项目国家“十二五”重点图书出版规划项目
330    @a本书共七章,包括定向行走训练概论、定向技能训练、行走技能训练、定向行走训练的实施、定向行走在生活中的应用、无障碍环境与助行器具等。
461  0 @12001 @a特殊儿童教育与康复文库
606 0  @a视觉障碍@x儿童教育@x特殊教育
690    @aG761.2@v5
701  0 @a沈剑辉@Ashen jian hui@4主编@c(特殊教育)
701  0 @a钱志亮@Aqian zhi liang@4主编@f(1967-)
801  0 @aCN@bBJSZM@c20210308
905    @b1273223-6@dG761.2@e290@f4
    
    特殊儿童定向行走训练/沈剑辉, 钱志亮主编.-南京:南京师范大学出版社,2014.08
    226页:图;24cm.-(特殊儿童教育与康复文库.19/丁勇总主编)
    国家出版基金项目国家“十二五”重点图书出版规划项目
    
    ISBN 978-7-5651-1814-2(精装):CNY45.00
    本书共七章,包括定向行走训练概论、定向技能训练、行走技能训练、定向行走训练的实施、定向行走在生活中的应用、无障碍环境与助行器具等。
●
相关链接 在E读中查询图书 在五车中查询图书 在当当中查询图书 在豆瓣中查询图书


正题名:特殊儿童定向行走训练     索取号:G761.2/290         预约/预借

序号 登录号 条形码 馆藏地/架位号 状态 备注
1 1273223   212732239   第一样本阅览室/ [索取号:G761.2/290] 在馆    
2 1273224   212732248   教育系资料室/ [索取号:G761.2/290] 在馆    
3 1273225   212732257   教育系资料室/ [索取号:G761.2/290] 在馆    
唐山师范学院图书馆 欢迎您!
大连网信软件有限公司© 版权所有